000 00446nam a2200169Ia 4500
008 090711s9999 xx 000 0 und d
082 _b62220
100 _aपाटील शं. ना.
245 _aरु पाली
260 _c1988
300 _a150
600 _aपाटील शं. ना.
630 _aरु पाली
700 _aपाटील शं. ना.
730 _aरु पाली
942 _cBOOK
999 _c295228
_d295228